| 000 | 01634nam0a2200301 4500 | ||
|---|---|---|---|
| 001 | RU\NLR\BIBL_A\011943617 | ||
| 005 | 20190307150329.0 | ||
| 010 |
_a978-5-94984-670-4 _9300 |
||
| 021 |
_aRU _bКН-П-19-001771 _9КН-П-19-0121 |
||
| 035 | _a(NLR Aleph) 011943617 | ||
| 035 | _a(RuMoRGB)009864144 | ||
| 090 |
_a11106010 _c11106010 |
||
| 100 | _a20190221d2018 u y0rusy50 ca | ||
| 101 | 0 | _arus | |
| 102 | _aRU | ||
| 105 | _aa|||zzzz0|1yy | ||
| 200 | 1 |
_aОсновы повышения транспортно-эксплуатационных качеств лесовозных автомобильных дорог _eучебное пособие _fИ. Н. Кручинин _gМинобрнауки России, ФГБОУ ВО "Уральский государственный лесотехнический университет" |
|
| 210 |
_aЕкатеринбург _cУральский государственный лесотехнический университет _d2018 |
||
| 215 |
_a126 с. _cил. _d21 |
||
| 320 | _aБиблиогр.: с. 125-126 (26 назв.) | ||
| 606 | 1 |
_aАвтомобильные лесовозные дороги _jУчебные издания для высших учебных заведений _xЭксплуатационные качества _xЭффективность _xПовышение _92623570 _3RU\NLR\AUTH\661560130 |
|
| 686 | 1 | _aП390.520-01я73 | |
| 700 | 1 |
_aКручинин _bИ. Н. _gИгорь Николаевич |
|
| 942 | _cBOOK | ||
| 980 | _aNBR | ||
| 980 | _aNB | ||